Poemas

Gorde:
Xehetasun bibliografikoak
Egile nagusia: Campoamor, Ramón de
Formatua: Liburua
Hizkuntza:Undetermined
Argitaratua: París, Francia Franco-Iberoamericana [s.f.]
Gaiak:
Etiketak: Etiketa erantsi
Etiketarik gabe, Izan zaitez lehena erregistro honi etiketa jartzen!

MARC

LEADER 00000nam a2200000Ia 4500
008 170316s9999 xx 000 0 und d
040 |a cru BVZT 
090 |a 862 C-8p 
100 |a Campoamor, Ramón de 
245 |a Poemas 
260 |a París, Francia 
260 |b Franco-Iberoamericana 
260 |c [s.f.] 
300 |a 169 páginas 
650 |a LITERATURA ESPAÑOLA 
650 |a POEMAS 
999 |c 9781  |d 9781 
942 |c 15 D  |h 862 C-8p  |2 z